000 00264nam a2200109Ia 4500
008 240625s9999 xx 000 0 und d
041 _aeng
082 _a658.3124 ATW
100 _aATWOOD CHRISTEE GABOUR
245 _aULTIMATE BASIC BUSINESS SKILLS
260 _c2009
999 _c34796
_d34796